000 00403nam a2200157Ia 4500
008 221030s9999 xx 000 0 und d
020 _a8178883481
041 _aEnglish
082 _a105.23
_bMah
100 _aParvati Mahalanbis
245 0 _aText Book Of Public Relations & Corporate Communications
260 _bDominant Pub
_aNew Delhi
_c2005
300 _a348
650 _aManagement
942 _cBK
999 _c292
_d292